Bible Passage by Necktie Quiz Stats

 Plays Quiz Updated Sep 21, 2018

Challenge
Share
Tweet
Score 0/19 Timer 05:00
3 Plays Today
% Correct
Matthew 14:25
87.3%
Deuteronomy 9:10
86.7%
Luke 2:7
86%
1 Samuel 17:50
84.1%
Genesis 8:11
82.1%
John 13:21
80.1%
Matthew 5:1-2
79.1%
John 10: 7, 14
79%
Luke 5:13
78.2%
John 19:26
77.1%
% Correct
John 19:17
76.7%
Genesis 1:27
75.4%
Acts 1:9
73.3%
Genesis 7:17
72.3%
John 19:38
70.6%
Mark 4:39
70.2%
Genesis 1:31
70.2%
Matthew 3:13
67.4%
Matthew 2:1-2
63.6%

You're not logged in!

Compare scores with friends on all Sporcle quizzes.
Join for Free
OR
Log In

You Might Also Like...

Show Comments

Extras

Top Quizzes Today


Score Distribution

Your Account Isn't Verified!

In order to create a playlist on Sporcle, you need to verify the email address you used during registration. Go to your Sporcle Settings to finish the process.

Report this User

Report this user for behavior that violates our Community Guidelines.

Details: